000
00207 a2200097 4500
001
48693
100
_a
Divine, David
245
_a
The broken wing
260
_a
London
_b
Hutchinson
_c
090
_c
31607
_d
31607
942
_a
NUST-CAE
_c
M
_c
24011
999
_c
283766
_d
283766